RENT Soundtrack (Broadway) Quiz Stats

 Plays Quiz Updated Mar 12, 2020

     
Support Sporcle.
Go Orange.
Score 0/43 Timer 07:00
1 Play Today
Title # Song % Correct
Disc 1Rent
93%
Disc 2Seasons of Love
86.2%
Disc 2Seasons of Love (Closing)
85.2%
Disc 1Light My Candle
81.8%
Disc 1Tango: Maureen
81.3%
Disc 1La Vie Bohème
81.1%
Disc 2Seasons of Love B
81%
Disc 1La Vie Bohème B
78.6%
Disc 1Out Tonight
76%
Disc 2Take Me or Leave Me
75.6%
Disc 1I'll Cover You
74.5%
Disc 1Today 4 U
73.2%
Disc 2I'll Cover You (Reprise)
72.6%
Disc 1One Song Glory
72.5%
Disc 1Santa Fe
66.2%
Disc 1Over the Moon
65.6%
Disc 1I Should Tell You
62.3%
Disc 2Your Eyes
59%
Disc 1You'll See
58%
Disc 1Voice Mail #1
57.8%
Disc 1Voice Mail #2
57.6%
Disc 2Voice Mail #3
57.4%
Title # Song % Correct
Disc 2Voice Mail #4
57.4%
Disc 2Voice Mail #5
57.1%
Disc 2What You Own
57.1%
Disc 2Halloween
56.9%
Disc 1Another Day
56.2%
Disc 1Will I?
55.8%
Disc 2Without You
52.8%
Disc 2Finale
51%
Disc 2Finale B
50.6%
Disc 1Tune Up #1
48.6%
Disc 1Tune Up #2
48.4%
Disc 1Tune Up #3
48%
Disc 2Goodbye Love
48%
Disc 1Life Support
46.6%
Disc 1Christmas Bells
44.1%
Disc 1You Okay Honey?
41.8%
Disc 2Happy New Year
37.9%
Disc 2Contact
37.4%
Disc 1We're Okay
37.4%
Disc 2Happy New Year B
37.2%
Disc 1On the Street
28.1%

From the Vault

Border Countries

by Barbaloot

They say that good fences make good neighbors, if that is true, some of these countries have an awful lot of fences to build.
Remove Ads.
Support Sporcle.
Get the best of Sporcle when you Go Orange. This ad-free experience offers more features, more stats, and more fun while also helping to support Sporcle. Thank you for becoming a member.

Show Comments

Extras

Top Quizzes Today


Score Distribution

Your Account Isn't Verified!

In order to create a playlist on Sporcle, you need to verify the email address you used during registration. Go to your Sporcle Settings to finish the process.

Report this User

Report this user for behavior that violates our Community Guidelines.

Details: